Statistics for Most Acclaimed Albums of the 90s

Click here to take the quiz!

General Stats

  • This quiz has been taken 497 times
  • The average score is 33 of 100

Answer Stats

RankAlbumYearAnswer% Correct
1Nevermind1991Nirvana
98%
54MTV Unplugged in New York1994Nirvana
98%
15In Utero1993Nirvana
98%
12The Bends1995Radiohead
86%
2OK Computer1997Radiohead
86%
68The Slim Shady LP1999Eminem
85%
18Definitely Maybe1994Oasis
79%
11(What's the Story) Morning Glory?1995Oasis
79%
61Dookie1994Green Day
71%
40Blood Sugar Sex Magik1991Red Hot Chili Peppers
70%
10Achtung Baby1991U2
69%
65Jagged Little Pill1995Alanis Morissette
68%
41Self-Titled ["The Black Album"]1991Metallica
68%
4Automatic for the People1992R.E.M.
65%
66Out of Time1991R.E.M.
65%
19The Miseducation of _____ ____1998Lauryn Hill
64%
23Siamese Dream1993Smashing Pumpkins
63%
52Mellon Collie and the Infinite Sadness1995The Smashing Pumpkins
63%
24Ten1991Pearl Jam
61%
80Ray of Light1998Madonna
58%
20The Chronic1992Dr. Dre
55%
28Parklife1994Blur
53%
5Odelay1996Beck
47%
67Mellow Gold1994Beck
47%
57Self-Titled ["The Blue Album"]1994Weezer
47%
98Pinkerton1996Weezer
47%
60Ill Communication1994Beastie Boys
46%
75Check Your Head1992Beastie Boys
46%
51Superunknown1994Soundgarden
44%
42Ready to Die1994The Notorious B.I.G.
41%
30Illmatic1994Nas
39%
27The Downward Spiral1994Nine Inch Nails
39%
14Enter the _______ (36 Chambers)1993Wu-Tang Clan
39%
34Homogenic1997Björk
36%
26Debut1993Björk
36%
36Post1995Björk
36%
22Fear of a Black Planet1990Public Enemy
34%
7Grace1994Jeff Buckley
33%
56Urban Hymns1997The Verve
33%
39Self-Titled (song : Killing in the Name)1992Rage Against the Machine
32%
3Blue Lines1991Massive Attack
30%
58Mezzanine1998Massive Attack
30%
84Supa Dupa Fly1997Missy Elliott
30%
48In the Aeroplane Over the Sea1998Neutral Milk Hotel
30%
21Different Class1995Pulp
28%
74Violator1990Depeche Mode
27%
45Live Through This1994Hole
27%
6Loveless1991My Bloody Valentine
27%
71Aquemini1998OutKast
27%
8Dummy1994Portishead
27%
97The Fat of the Land1997The Prodigy
27%
87Music for the Jilted Generation1994The Prodigy
27%
55The Score1996Fugees
24%
16Screamadelica1991Primal Scream
24%
99Doggystyle1993Snoop Doggy Dogg
24%
35The Low End Theory1991A Tribe Called Quest
22%
89You've Come a Long Way, Baby1998Fatboy Slim
22%
92CrazySexyCool1994TLC
22%
49Either/Or1997Elliott Smith
21%
85XO1998Elliott Smith
21%
29Homework1997Daft Punk
20%
64Play1999Moby
19%
33Crooked Rain, Crooked Rain1994Pavement
19%
13Slanted and Enchanted1992Pavement
19%
25Moon Safari1998Air
18%
73Selected Ambient Works 85-921992Aphex Twin
18%
82Goo1990Sonic Youth
18%
53Time Out of Mind1997Bob Dylan
17%
9Endtroducing.....1996DJ Shadow
17%
96Ritual De Lo Habitual1990Jane's Addiction
17%
70American Recordings1994Johnny Cash
17%
37Exile in Guyville1993Liz Phair
16%
59Spiderland1991Slint
16%
32To Bring You My Love1995PJ Harvey
15%
62Rid of Me1993PJ Harvey
15%
93Dry1992PJ Harvey
15%
43Agætis byrjun1999Sigur Rós
14%
47Ladies and Gentlemen We Are Floating in Space1997Spiritualized
14%
17The Soft Bulletin1999The Flaming Lips
14%
81I Do Not Want What I Haven't Got1990Sinéad O'Connor
13%
44Dig Your Own Hole1997The Chemical Brothers
12%
88Little Earthquakes1992Tori Amos
12%
91____izm1997Erykah Badu
11%
72Pills 'n' Thrills and Bellyaches1990Happy Mondays
11%
50Car Wheels on a Gravel Road1998Lucinda Williams
11%
90Last Splash1993The Breeders
11%
31Maxinquaye1995Tricky
11%
38If You're Feeling Sinister1996Belle and Sebastian
10%
76Music Has the Right to Children1998Boards of Canada
10%
4669 Love Songs1999The Magnetic Fields
10%
86Leftism1995Leftfield
9%
100Self-Titled (song : Animal Nitrate)1993Suede
8%
63I See a Darkness1999Bonnie "Prince" Billy
7%
69Deserter's Songs1998Mercury Rev
7%
95Laughing Stock1991Talk Talk
7%
83Dig Me Out1997Sleater-Kinney
6%
79I Can Hear the Heart Beating As One1997Yo La Tengo
6%
94Clandestino1998Manu Chao
4%
78Millions Now Living Will Never Die1996Tortoise
4%
77Self-Titled (song : Chan Chan)1997Buena Vista Social Club
2%

Score Distribution

Percentile by Number Answered

Percent of People with Each Score

Your Score History

You have not taken this quiz